000 00793nam a2200229 4500
003 OSt
005 20260530115259.0
008 260504b1985 sp a|||| |||| 00| 0 spa d
020 _a8425212030
040 _aICI
_bspa
_cICI
100 1 _aMunari, Bruno,
_eautor
_930907
240 1 0 _aDesign e comunicazione visiva.
_lEspañol
245 1 0 _aDiseño y comunicación visual :
_bcontribución a una metodología didáctica /
_cBruno Munari ; versión castellana, Francesc Serra i Cantarell
264 1 _aBarcelona :
_bGustavo Gili,
_c1985
300 _a365 páginas :
_bilustraciones
336 _atexto
_2rdacontent
337 _asin medio
_2rdamedia
338 _avolumen
_2rdacarrier
650 4 _aDecoración y ornamentación
_93592
650 _aDiseño industrial
_915218
942 _2lcc
_cBK
_n1
999 _c12748
_d12748